|
|
|
|
| LEADER |
00000nam0a2200000 4500 |
| 001 |
84027 |
| 005 |
20231031100424.0 |
| 010 |
|
|
|a 5952415415
|
| 035 |
|
|
|a (RuTPU)RU\TPU\book\90341
|
| 090 |
|
|
|a 84027
|
| 100 |
|
|
|a 20051025d2005 m y0rusy50 ca
|
| 101 |
1 |
|
|a rus
|c eng
|
| 102 |
|
|
|a RU
|
| 105 |
|
|
|a a z 000ay
|
| 200 |
1 |
|
|a Китайский лабиринт
|e пер. с англ.
|e роман
|f Р., ван Гулик
|
| 210 |
|
|
|a Москва
|c Центрполиграф
|d 2005
|
| 215 |
|
|
|a 332 с.
|c ил.
|
| 225 |
1 |
|
|a Достоверный китайский детективный роман XVIII века
|
| 330 |
|
|
|a Дерзкое и жестокое убийство судьи по имени Пань, таинственная смерть военачальника Дина, загадочное исчезновение дочери кузнеца - эти запутанные дела может раскрыть лишь мудрый и проницательный судья Ди.
|
| 610 |
1 |
|
|a английская литература
|
| 610 |
1 |
|
|a романы
|
| 610 |
1 |
|
|a детективы
|
| 610 |
1 |
|
|a Китай
|
| 610 |
1 |
|
|a 18 век
|
| 675 |
|
|
|a 82
|v 3
|
| 700 |
|
1 |
|a Гулик
|b Р., ван
|g Роберт
|
| 801 |
|
1 |
|a RU
|b 63413507
|c 20051025
|g PSBO
|
| 801 |
|
2 |
|a RU
|b 63413507
|c 20060407
|g PSBO
|
| 942 |
|
|
|c BK
|
| 959 |
|
|
|a 84/20051019
|d 1
|e 82,61
|f ХФ:1
|